LIBRARY & INFORMATION CENTRE, KCAET, TAVANUR

ONLINE PUBLIC ACCESS CATALOGUE (OPAC)

Agricultural problems in India / (Record no. 7172)

MARC details
000 -LEADER
fixed length control field 00456cam a2200181ua 4500
003 - CONTROL NUMBER IDENTIFIER
control field OSt
008 - FIXED-LENGTH DATA ELEMENTS--GENERAL INFORMATION
fixed length control field 260221b |||||||| |||| 00| 0 eng d
041 ## - LANGUAGE CODE
Language code of text/sound track or separate title eng
082 ## - DEWEY DECIMAL CLASSIFICATION NUMBER
Classification number 630.154
Item number AMA/AG
100 ## - MAIN ENTRY--AUTHOR NAME
Personal name Amarjit, Singh .
245 ## - TITLE STATEMENT
Title Agricultural problems in India /
250 ## - EDITION STATEMENT
Edition statement 1 /
260 ## - PUBLICATION, DISTRIBUTION, ETC. (IMPRINT)
Place of publication Mumbai :
Name of publisher Himalaya publishing house ,
Year of publication 1986.
300 ## - PHYSICAL DESCRIPTION
Number of Pages 386 ; .
700 1# - ADDED ENTRY--PERSONAL NAME
Personal name Sadhu, A N .
942 ## - ADDED ENTRY ELEMENTS (KOHA)
Koha item type Books
Holdings
Withdrawn status Lost status Damaged status Home library Current library Date acquired Full call number Accession Number Koha item type
      KAUAET KAUAET 07/04/2012 630.154 AMA/AG 18204 Books
free website counter